Schools at the Crossroads of Innovation in Cities and Regions

Saved in:
Bibliographic Details
Format: Book
Language:English
Published: Paris OECD 2017
Series:Educational Research and Innovation
Subjects:
Tags: Add Tag
No Tags, Be the first to tag this record!

MARC

LEADER 00000nam a2200000 4500
001 0241057
005 20240314123451.0
020 |a 978-92-64-28275-9 
041 0 |a eng 
044 |a FR 
245 1 0 |a Schools at the Crossroads of Innovation in Cities and Regions 
264 1 |a Paris  |b OECD  |c 2017 
300 |a 120 s. 
490 1 |a Educational Research and Innovation 
830 0 |a Educational Research and Innovation 
610 2 0 |a vzdelávanie 
610 2 0 |a školstvo 
610 2 0 |a inovácia 
610 2 0 |a technológie nové 
610 2 0 |a ekosystémy 
610 2 0 |a mestá 
610 2 0 |a regióny 
610 2 0 |a priemysel 
610 2 0 |a organizácie 
610 2 0 |a podnikanie 
610 2 0 |a komunity 
610 2 0 |a partnerstvo strategické 
610 2 0 |a zamestnávatelia 
610 2 0 |a miesta pracovné 
610 2 0 |a rozdiely regionálne